<?xml version="1.0" encoding="UTF-8"?>
<collection xmlns="http://www.loc.gov/MARC21/slim">
 <record>
  <leader>01718pamaa2200361   4500</leader>
  <controlfield tag="001">0000044871</controlfield>
  <controlfield tag="005">20090205090000.0</controlfield>
  <controlfield tag="008">090205                             eng  </controlfield>
  <datafield tag="020" ind1="0" ind2="0">
   <subfield code="a">9830422739 </subfield>
  </datafield>
  <datafield tag="090" ind1="0" ind2="0">
   <subfield code="a">BP173.6 </subfield>
   <subfield code="b">ABD 2006</subfield>
  </datafield>
  <datafield tag="100" ind1="1" ind2="1">
   <subfield code="a">Abdul Syukor Bin Haji Husin </subfield>
  </datafield>
  <datafield tag="245" ind1="1" ind2="0">
   <subfield code="a">Keimanan dan ketakwaan kepada Allah : </subfield>
   <subfield code="b">prinsip pertama  </subfield>
   <subfield code="c">Prof. Dato' Dr. Abdul Syukor Bin Haji Husin.</subfield>
  </datafield>
  <datafield tag="260" ind1="0" ind2="0">
   <subfield code="a">Kuala Lumpur: </subfield>
   <subfield code="b">Jabatan Kemajuan Islam Malysia, Jabatan Perdana Menteri, </subfield>
   <subfield code="c">2006.</subfield>
  </datafield>
  <datafield tag="300" ind1=" " ind2=" ">
   <subfield code="a">Various pages.</subfield>
  </datafield>
  <datafield tag="440" ind1="0" ind2="0">
   <subfield code="a">Siri Penerbitan Pendekatan Islam Hadhari</subfield>
  </datafield>
  <datafield tag="500" ind1="0" ind2="0">
   <subfield code="a">Rakyat berjiwa merdeka : prinsip ketiga / Prof. Dr. Sidek Baba</subfield>
  </datafield>
  <datafield tag="500" ind1="0" ind2="0">
   <subfield code="a">Penguasaan ilmu pengetahuan: prinsip keempat / Prof. Dr. Sidek Baba</subfield>
  </datafield>
  <datafield tag="500" ind1="0" ind2="0">
   <subfield code="a">Pembangunan ekonomi seimbang &amp; komprehensif : prinsip kelima / Haji Nik Mustapha Bin Haji Nik Hassan</subfield>
  </datafield>
  <datafield tag="500" ind1="0" ind2="0">
   <subfield code="a">Pembelaan hak kumpulan minoriti dan wanita : prinsip ketujuh / Prof Madya Dr. Jawiah Dakir</subfield>
  </datafield>
  <datafield tag="500" ind1="0" ind2="0">
   <subfield code="a">Keutuhan budaya &amp; moral : prinsip kelapan / Tan Sri Prof. Dr. Mohd Kamal Hassan</subfield>
  </datafield>
  <datafield tag="500" ind1="0" ind2="0">
   <subfield code="a">Pemuliharaan alam semulajadi : prinsip kesembilan / Prof. Dr. Yusof Bin Haji Othman</subfield>
  </datafield>
  <datafield tag="500" ind1="0" ind2="0">
   <subfield code="a">Kekuatan pertahanan : prinsip kesepuluh / Brig Jen. Dato' Haji Jamil Khir Bin Haji Baharom</subfield>
  </datafield>
  <datafield tag="650" ind1="0" ind2="0">
   <subfield code="a">Conduct of life -- </subfield>
   <subfield code="x">Religious aspects -- </subfield>
   <subfield code="x">Islam </subfield>
  </datafield>
  <datafield tag="650" ind1="0" ind2="0">
   <subfield code="a">Islam and politics -- </subfield>
   <subfield code="z">Malaysia </subfield>
  </datafield>
  <datafield tag="650" ind1="0" ind2="0">
   <subfield code="a">Islam and state -- </subfield>
   <subfield code="z">Malaysia </subfield>
  </datafield>
  <datafield tag="650" ind1="0" ind2="0">
   <subfield code="a">Religious life -- </subfield>
   <subfield code="x">Islam </subfield>
  </datafield>
  <datafield tag="700" ind1="1" ind2="1">
   <subfield code="a">Sidek Baba </subfield>
  </datafield>
  <datafield tag="700" ind1="1" ind2="1">
   <subfield code="a">Haji Nik Mustapha Bin Haji Nik Hassan </subfield>
  </datafield>
  <datafield tag="700" ind1="1" ind2="1">
   <subfield code="a">Jawiah Dakir </subfield>
  </datafield>
  <datafield tag="700" ind1="1" ind2="1">
   <subfield code="a">Mohd Kamal Hassan </subfield>
  </datafield>
  <datafield tag="700" ind1="1" ind2="1">
   <subfield code="a">Yusof Bin Haji Othman </subfield>
  </datafield>
  <datafield tag="700" ind1="1" ind2="1">
   <subfield code="a">Haji Jamil Khir Bin Haji Baharom </subfield>
  </datafield>
  <datafield tag="901" ind1=" " ind2=" ">
   <subfield code="u">http://www.islam.gov.my</subfield>
  </datafield>
 </record>
</collection>
